Электрохимическое определение 6-аминопурина; Химия и химическая технология в XXI веке; Т. 1

Dettagli Bibliografici
Parent link:Химия и химическая технология в XXI веке: материалы XV Международной научно-практической конференции студентов и молодых ученых имени профессора Л.П. Кулёва, Томск, 26-29 мая 2014 г.— , 2014
Т. 1.— 2014.— [С. 175-176]
Autore principale: Вишенкова Д. А. Дарья Александровна
Ente Autore: Национальный исследовательский Томский политехнический университет (ТПУ) Институт природных ресурсов (ИПР) Кафедра физической и аналитической химии (ФАХ)
Altri autori: Короткова Е. И. Елена Ивановна (научный руководитель)
Riassunto:Заглавие с титульного экрана
Lingua:russo
Pubblicazione: 2014
Serie:Теоретические и прикладные аспекты физической и аналитической химии
Soggetti:
Accesso online:http://www.lib.tpu.ru/fulltext/c/2014/C27/V1/084.pdf
Natura: MixedMaterials Elettronico Capitolo di libro
KOHA link:https://koha.lib.tpu.ru/cgi-bin/koha/opac-detail.pl?biblionumber=607079

MARC

LEADER 00000naa2a2200000 4500
001 607079
005 20260312164031.0
035 |a (RuTPU)RU\TPU\conf\4460 
035 |a RU\TPU\conf\4451 
090 |a 607079 
100 |a 20140630d2014 k y0rusy50 ca 
101 0 |a rus 
102 |a RU 
135 |a drnn ---uucaa 
181 0 |a i  
182 0 |a b 
200 1 |a Электрохимическое определение 6-аминопурина  |f Д. А. Вишенкова  |g науч. рук. Е. И. Короткова 
203 |a Текст  |c электронный 
225 1 |a Теоретические и прикладные аспекты физической и аналитической химии 
300 |a Заглавие с титульного экрана 
320 |a [Библиогр.: с. 176 (2 назв.)] 
337 |a Adobe Reader 
461 1 |0 (RuTPU)RU\TPU\conf\4064  |t Химия и химическая технология в XXI веке  |o материалы XV Международной научно-практической конференции студентов и молодых ученых имени профессора Л.П. Кулёва, Томск, 26-29 мая 2014 г  |o в 2 т.  |d 2014 
463 1 |0 (RuTPU)RU\TPU\conf\4137  |t Т. 1  |v [С. 175-176]  |d 2014 
610 1 |a труды учёных ТПУ 
610 1 |a электронный ресурс 
610 1 |a электрохимическое определение 
610 1 |a аденин 
700 1 |a Вишенкова  |b Д. А.  |c химик  |c инженер Томского политехнического университета  |f 1989-  |g Дарья Александровна  |3 (RuTPU)RU\TPU\pers\33607 
702 1 |a Короткова  |b Е. И.  |c химик  |c профессор Томского политехнического университета, доктор химических наук  |f 1965-  |g Елена Ивановна  |4 727 
712 0 2 |a Национальный исследовательский Томский политехнический университет (ТПУ)  |b Институт природных ресурсов (ИПР)  |b Кафедра физической и аналитической химии (ФАХ)  |3 (RuTPU)RU\TPU\col\18656 
801 2 |a RU  |b 63413507  |c 20161027  |g RCR 
856 4 |u http://www.lib.tpu.ru/fulltext/c/2014/C27/V1/084.pdf 
942 |c CF